000 00645nam a22002177a 4500
003 UA-OsUOA
001 82651
007 ta
008 20120315b un ||||| |||| 00| 0 ukr d
100 _aПрисяжнюк А.Й.
090 _a330(477)
_bП77
942 _cSA
040 _aUA-OsUOA
_bukr
_cUA-OsUOA
_dUA-OsUOA
245 _aАгропромисловий комплекс Київщини на сучасному етапі розвитку
300 _aС.3-12
955 _a0
041 _aukr
080 _a330(477)
773 0 _w82650
_tЕкономіка АПК
_dК.
_d2012
_g3
650 7 _a330 Економіка взагалі
_2UDC
999 _c368967
_d368967